Hospodársky vývoj Slovenska v roku 1998 (štúdia vypracovaná na požiadanie Európskej hospodárskej komisie OSN)

Bibliographic Details
Main Authors: Okáli, Ivan, 1929- (Author), Gabrielová, Herta, 1935-2022 (Author), Hlavatý, Egon, 1930-2011 (Author), Morvay, Karol, 1973- (Author), Outrata, Richard, 1931- (Author)
Format: Book
Language:Slovak
PhysicalDescription:41 s. grafy, sch., tab. 30 cm
Published: Bratislava Ústav slovenskej a svetovej ekonomiky SAV 1999
ISBN:8071440914
Subjects:

MARC

LEADER 00000nam a2200000 a 4500
001 vtls001366389
003 SK-MaSNL
005 20260426011333.0
008 240226s1999 xo ap r y slo
015 |a SNBA1999/09-03485 
020 |a 8071440914 
035 |a SNK000320058 
035 |a urn:nbn:sk:snk-amthxr 
035 |a urn:nbn:sk:snk-am00c56f 
035 |a 0D9438DF-FD20-4431-9200-88E2E58681EE 
040 |a SNK  |b slo  |c SNK  |e AACR2 
041 0 |a slo 
044 |a xo  |c SK 
080 |a 338(437.6)"1998"  |2 1981 
245 0 |a Hospodársky vývoj Slovenska v roku 1998  |b (štúdia vypracovaná na požiadanie Európskej hospodárskej komisie OSN)  |c [autori: Ivan Okáli ... [et al.]] 
260 |a Bratislava  |b Ústav slovenskej a svetovej ekonomiky SAV  |c 1999 
300 |a 41 s.  |b grafy, sch., tab.  |c 30 cm 
500 |a Údaj o aut. prevzatý z rubu tit. strany 
648 7 |a 1998  |2 SNK  |9 282348 
650 0 7 |a ekonomika  |2 SNKPH  |9 789 
651 7 |a Slovensko  |2 SNKPHgeo  |9 14231 
655 7 |a príručky  |2 SNK  |9 74364 
700 1 |a Okáli, Ivan,  |d 1929-  |4 aut  |9 117216 
700 1 |a Gabrielová, Herta,  |d 1935-2022  |4 aut  |9 117917 
700 1 |a Hlavatý, Egon,  |d 1930-2011  |4 aut  |9 92755 
700 1 |a Morvay, Karol,  |d 1973-  |4 aut  |9 14372 
700 1 |a Outrata, Richard,  |d 1931-  |4 aut  |9 6384 
919 |a 80-7144-091-4 
958 |a TL 
958 |a BQ 
958 |a OND 
999 |c 1064771  |d 1066701 
952 |t P60, <03>, [BOOK], {603}  |a SNK  |b SNK  |y PREZ  |7 0  |p 17A0198621  |o snkSB 60635  |i snkKSP 7048/99  |0 0  |1 0  |4 0  |d 1999-06-24  |f 1  |l 0  |r 2025-04-11 00:00:00  |w 2026-02-24 
952 |t P60, <04>, [BOOK], {604}  |a SNK  |b SNK  |y VYP  |7 0  |p 17A0198622  |o snkSB 60635 D1  |i snkKSP 7049/99  |0 0  |1 0  |4 0  |d 1999-06-24  |l 0  |r 2005-01-02 00:00:00  |w 2026-02-24